000 00299nam a22001337a 4500
003 SGT
082 _a370
_bB14B
100 _aBAKSHI, N.S.
245 _aBHARTIYA SHIKSHA KA GYAN KOSH (3 VOLUMES)
260 _aNEW DELHI
_bLAKSHAY PUB
_c2014
300 _a253
650 _aEDUCATION
942 _2ddc
_cBK
999 _c12374
_d12374